The creed : (Record no. 42186)

MARC details
000 -LEADER
fixed length control field 00667nam a22001937a 4500
005 - DATE AND TIME OF LATEST TRANSACTION
control field 20100816151432.0
010 ## - LCCN (DPL NO)
LC control number ENG-100621
020 ## - INTERNATIONAL STANDARD BOOK NUMBER
International Standard Book Number 9789380521039
Terms of availability 15.00
035 ## - SYSTEM CONTROL NUMBER
System control number EN-84154
037 ## - SOURCE OF ACQUISITION
Source of stock number/acquisition DBAD/PUB
082 ## - DEWEY DECIMAL CLASSIFICATION NUMBER
Classification number 280
100 ## - MAIN ENTRY--PERSONAL NAME
Personal name Minocher Engineer
245 ## - TITLE STATEMENT
Title The creed :
Remainder of title the melody of divine love /
Statement of responsibility, etc by Minocher Engineer
260 ## - PUBLICATION, DISTRIBUTION, ETC. (IMPRINT)
Place of publication, distribution, etc Indore
Name of publisher, distributor, etc Satprakashan Sanchar Kendra
Date of publication, distribution, etc 2010
270 ## - ADDRESS
Address 10 Khandwa Road, Bhanwarkua Police Station
City Indore
Postal code 452001
300 ## - PHYSICAL DESCRIPTION
Extent 60p.
Dimensions 22cm (pbk)
942 ## - ADDED ENTRY ELEMENTS (KOHA)
Source of classification or shelving scheme Dewey Decimal Classification
Item type English Books
Classification part 280
Call number suffix MIN
Holdings
Withdrawn status Lost status Not for loan Collection code Home library Current library Date acquired Source of acquisition Cost, normal purchase price Full call number Barcode Copy number Cost, replacement price Koha item type
    Not For Loan Non-fiction D.B.Act.Division D.B.Act.Division 16/08/2010 DBAD/PUB 15.00 280 MIN EN-84154 1 15.00 English Books

© Delhi Public Library
Hit Counter
free hit counter